000 00391nam a2200157Ia 4500
008 221030s9999 xx 000 0 und d
020 _a8121916674
041 _aEnglish
082 _a105.23
_bRaj
100 _aR. K. Rajput
245 2 _aA Text Book of Fluid Mechanics
_cby R. K. Rajput
260 _bS.Chand & Co.
_aNew Delhi
_c2002
300 _a666
650 _aMechanical
942 _cBK
999 _c3012
_d3012